[Event "North Wales Congress Major"]
[Site "Llandudno"]
[Date "2019.06.23"]
[Round "4.37"]
[White "Roberts, Malcolm A"]
[Black "Francis, Matthew"]
[Result "1/2-1/2"]
[WhiteElo "1616"]
[BlackElo "1697"]
[Annotator "kemen"]
[PlyCount "52"]
[EventDate "2019.??.??"]

{[%evp 0,52,24,19,109,56,78,33,54,49,71,48,39,18,22,-2,6,0,3,0,8,-30,-17,-45,
-44,-63,-59,-80,-12,-31,-51,-39,-9,-28,-22,-56,-53,-52,-60,-46,-34,-32,-38,-39,
-30,-36,-35,-32,1,-13,-13,-32,33,-62,0]} 1. e4 c5 2. Nf3 a6 3. a4 (3. d4 {main}
) 3... e6 (3... Nc6) 4. Nc3 (4. d4) 4... d6 5. h3 (5. d4) 5... Nf6 6. d3 (6. d4
) 6... Nc6 7. Bd2 $146 {Wh's play is a little pasive} (7. Be2) (7. Bg5) 7...
Be7 (7... d5 $15) 8. Be2 O-O 9. O-O d5 (9... Qc7 10. Bf4 Bd7 11. Re1 Rac8 12.
Bf1 e5 13. Bh2 h6 {Nystrom-Raivio, FIN ch tm 2011,0-1}) 10. exd5 exd5 11. Re1
h6 (11... Re8) 12. Bf1 Bd6 $17 13. Qc1 Kh7 {there is no real threat of a
sacrifice on h6, so Bl can get on with development} (13... Bf5 $17) 14. g3 Qc7
15. Bg2 Be6 (15... Bd7) (15... Bf5 16. Nh4 Be6) 16. Ne2 Qd7 17. Kh2 Rae8 (17...
g5 {Rudy, prevents exchanges on f4} 18. c4 d4 19. Bxg5 hxg5 20. Qxg5 Be7 21.
Qh4+ Kg7 (21... Kg8 22. Qh6 Nh7 {a standard defence, fails here to} 23. Nf4 $16
) 22. Qg5+ $11) 18. Bf4 Bxf4 19. Nxf4 (19. Qxf4) 19... Qd6 (19... Bf5 $15) 20.
Nxe6 fxe6 21. Qd2 (21. c4 $11) (21. Kg1 $11) 21... e5 22. Rad1 Nd7 23. Kg1 Rf6
24. Nh2 (24. c4 d4 25. Nh2 $11 {Komodo13}) 24... Ref8 25. Rf1 Qe6 26. c3 Ne7 (
26... R6f7 $11 {Komodo13}) (26... Ne7 27. c4 Kh8 28. Ng4 Rg6 29. Rde1 $16 {it
looks like the Bl centre is unable to advance advantageously, so Bl was
sensible in offering the draw}) 1/2-1/2

[Event "North Wales Congress Major"]
[Site "Llandudno"]
[Date "2019.06.23"]
[Round "4.38"]
[White "Spencer, Elliott"]
[Black "Davies, Huw"]
[Result "1-0"]
[WhiteElo "1743"]
[BlackElo "1642"]
[Annotator "kemen"]
[PlyCount "89"]
[EventDate "2019.??.??"]

{[%evp 0,89,19,31,72,45,19,-9,27,8,27,30,84,24,76,78,106,53,43,26,41,2,69,58,
92,48,56,69,53,55,56,20,85,14,127,46,78,78,78,57,89,88,87,89,101,77,83,79,80,
64,93,80,135,84,94,121,204,189,204,266,330,340,341,349,349,347,349,355,357,368,
371,374,378,375,378,385,378,378,378,452,450,466,539,567,622,696,809,929,1200,
795,873,891]} 1. e4 c5 2. d4 cxd4 3. c3 dxc3 4. Nxc3 Nc6 5. Nf3 g6 6. Bc4 e6 7.
Bf4 Bg7 (7... a6 {main}) 8. e5 (8. O-O {main,47% for Wh. However}) (8. Nb5 $18
{only found in 2 games, but it should be winning} Bxb2 (8... Qa5+ 9. Bd2 (9.
Kf1 $18 {Cloud Engines} Kf8 10. Bc7 b6 11. Bd6+ Nge7 12. Rb1 Qa6 13. Qd3 Qb7
14. Nc7 a6 (14... Rb8 15. b4 b5 16. Bxb5 $18)) 9... Qd8 10. Nd6+ Ke7 11. e5 $18
{Balzereit-Manasek, Frankfurt ch 2014,1-0}) 9. Nc7+ (9. Rb1 $18) 9... Kf8 10.
Rb1 Bc3+ 11. Ke2 e5 12. Qd6+ (12. Qd5 Qe7 13. Bg5 Nf6 14. Qd3 $18) 12... Qe7
13. Qxe7+ Kxe7 14. Nxa8 (14. Be3 Rb8 15. Nd5+ Kf8 16. Nxc3 $18) 14... exf4 15.
Nc7 Ba5 16. Nd5+ {Lauer-Garcia,LSS email 2014,0-1}) 8... Nge7 9. O-O O-O 10.
Qe2 $146 (10. Ne4 Nf5 11. Bg5 Qa5 12. g4 Nh6 (12... Nxe5) 13. Bxh6 Bxh6 14.
Nf6+ Kh8 $11 {Jostov-Stadler, LSS email 2010,1-0}) (10. Nb5 Nf5 11. Qe2 a6 12.
Nd6 Nfd4 (12... Nxd6 13. exd6 b5 $19 {Komodo13}) 13. Qd3 Nxf3+ 14. Qxf3 Nxe5
15. Qe3 Nxc4 16. Nxc4 b5 (16... d5 $19) 17. Nb6 Bb7 18. Nxa8 Qxa8 19. f3 Bxb2
20. Rad1 Bd5 {Hamann-Bandlow,GER ch tm U13, 1993,1/2-1/2}) 10... Qc7 $6 (10...
Nf5 $11) 11. Nb5 Qb6 12. Rfd1 (12. Nd6 $16) 12... a6 13. Nd6 Nf5 14. Nxf5 gxf5
15. Rac1 (15. Rd6) 15... Qc7 16. a4 (16. Qe3 $18 b5 17. Be2 Bb7 18. Rd6 Rac8
19. h4 $18 {Komodo13-Wh controls d6, which cuts the Bl forces in two. So Wh
can prepare a fullout K side attack}) 16... Rb8 (16... f6 17. exf6 Qxf4 18.
fxg7 Rf7 19. b4 d5 $14 {Komodo13- the exchanges help Bl a great deal}) 17. b4
b5 18. Bxb5 (18. axb5 axb5 19. Bxb5 $18) 18... axb5 19. axb5 Qb6 20. bxc6 dxc6
21. Be3 (21. Rd4 $18) 21... Qb5 22. Qxb5 (22. Qc2 $18) 22... cxb5 23. Bc5 Re8
24. Bd6 $16 Ra8 (24... Rb7) 25. Rc7 f6 26. g3 (26. exf6 Bxf6 27. Be5 Bxe5 28.
Nxe5 $18 {with a superior N to a bad B, & the Bl Rs disconnected}) 26... fxe5
27. Bxe5 Bxe5 (27... Bh6) 28. Nxe5 $18 Rb8 29. Rdc1 Bb7 30. Nd7 Bd5 31. Nf6+
Kf8 32. Nxh7+ Kg8 33. Nf6+ Kf8 34. Nd7+ Kg8 35. Nxb8 Rxb8 36. Rc8+ {simplest,
trying to double on the 7th might leave the Wh K vulnerable too} Rxc8 37. Rxc8+
Kf7 38. Rc5 Bc4 39. f4 Ke7 40. Kf2 Kd6 41. h4 Bd3 42. Ke3 Bf1 43. h5 Ke7 44.
Kd4 Kf6 45. Rc7 {a bad B is still bad, even if it gets out of the pawn chain,
because it can't defend the rear.} 1-0

[Event "North Wales Congress Major"]
[Site "Llandudno"]
[Date "2019.06.23"]
[Round "4.39"]
[White "Sutcliffe, John"]
[Black "Bridgeman, Matthew"]
[Result "1-0"]
[WhiteElo "1653"]
[BlackElo "1575"]
[Annotator "kemen"]
[PlyCount "45"]
[EventDate "2019.??.??"]

{[%evp 0,45,19,21,41,3,6,-7,6,9,9,-24,5,-18,-19,3,-14,-18,-27,-7,-3,-22,4,-28,
4,-13,-16,12,51,3,0,6,87,42,65,54,61,64,56,34,84,84,83,83,194,225,232,223]} 1.
e4 e6 2. d3 d5 3. Nd2 c5 4. Ngf3 Nc6 5. g3 g6 (5... Nf6 {main}) (5... Bd6) 6.
Bg2 Bg7 7. O-O Nge7 8. Re1 b6 (8... O-O {main}) 9. c3 a5 10. Nf1 (10. a4 Ra7
11. exd5 exd5 12. Nb3 O-O (12... d4)) 10... Ba6 11. Bf4 $146 (11. e5 $11 {2 Wh
wins, 4 draws, 6 Bl wins}) (11. exd5 $14 exd5 {0-1} (11... Nxd5 {1/2-1/2})) (
11. Bg5 $11 {0-1}) (11. h4 $11 {1/2-1/2}) 11... Ra7 {standard plan for Bl in
this particular variation} (11... d4 {Stockfish10 slight Bl advantage,
Komodo13 =}) 12. e5 $14 {Komodo13 keeps suggesting that Bl should 0-0} d4 13.
c4 Qc7 14. Qe2 (14. N1d2 $16 {Komodo13}) 14... h6 15. h4 Nb4 16. N1h2 Bb7 17.
a3 Nbc6 18. Ng4 Nf5 19. Nf6+ Bxf6 (19... Kf8 {Bl needs to keep the position
closed with the K still in the middle}) 20. exf6 $18 Qd8 21. g4 Nxh4 {a tactic
that comes unstuck} (21... Nd6 {though , gives Wh the initiative on both wings}
22. Qd2 (22. b4 cxb4 23. axb4 Nxb4 24. Nxd4 Bxg2 25. Nxe6 Qxf6 26. Bxd6 fxe6
27. Kxg2 $18 {despite material equality, the Bl K is in peril} (27. Bxb4 {also}
)) 22... h5 23. Ng5 Qd7 24. Nxe6 fxe6 25. Rxe6+ Qxe6 26. Re1 $18 {Komodo13})
22. Nxh4 Qxf6 $2 (22... g5 23. Ng6 $1 {both Engines} gxf4 (23... Rg8 24. Ne5
Nxe5 25. Bxe5 $18) (23... fxg6 24. Qxe6+ $18) 24. Nxh8 Qxf6 25. Qe4 $18) 23.
Bg3 1-0

[Event "North Wales Congress Major"]
[Site "Llandudno"]
[Date "2019.06.23"]
[Round "5.14"]
[White "Benson, Paul J"]
[Black "Williams, Duncan"]
[Result "1-0"]
[WhiteElo "1849"]
[BlackElo "1750"]
[Annotator "kemen"]
[PlyCount "105"]
[EventDate "2019.??.??"]

{[%evp 0,105,19,35,18,31,38,13,13,9,24,9,20,20,60,53,53,32,44,24,14,14,68,12,6,
-2,58,52,130,128,154,154,140,136,138,128,143,127,144,144,144,130,144,111,122,
123,128,138,202,199,195,196,196,134,225,160,183,139,202,168,373,373,349,242,
242,109,103,93,93,98,94,102,107,89,93,88,108,112,120,80,80,74,91,94,94,88,93,
72,71,67,64,64,64,64,64,9,64,64,89,89,121,94,96,161,268,294,274,288]} 1. e4 e5
2. Nf3 Nc6 3. d4 exd4 4. Nxd4 Qf6 (4... Bc5) (4... Nf6 {main lines}) 5. Nxc6 (
5. Be3) 5... bxc6 (5... Bc5 {transposes to a line played by GMs in recent years
}) (5... Qxc6) (5... dxc6 {are also more frequent than the text}) 6. Bd3 Bb4+ (
6... Bc5 {transposes to either} 7. O-O {60 +games, or} (7. Qd2 {223 games})) 7.
c3 (7. Nc3 Bxc3+ 8. bxc3 Ne7 {2-1}) 7... Bc5 8. Qf3 $11 (8. Qe2 $14 {1 game
each}) (8. O-O $16 Ne7 9. Kh1 d5 10. Nd2 O-O 11. f4 Qh6 12. f5 Be3 13. Nb3 dxe4
14. Bxe4 Ba6 15. Bxe3 Qxe3 16. Re1 Qf2 17. Qd4 $16 {Guerra Mendez-Trepat
Herranz, Catalunya ch tm 2014,1-0}) 8... Qxf3 9. gxf3 Ne7 10. Rg1 Bd6 (10... d5
) 11. h4 Ng6 12. h5 Bf4 (12... Nf4 13. Bxf4 Bxf4 14. Rxg7 d6 $14 {Komodo13})
13. Be3 Bxe3 (13... Ne5 14. Ke2 Bxe3 15. Kxe3 Nxd3 16. Kxd3 $11 {Komodo13}) 14.
fxe3 Nh4 (14... Ne5 15. Be2 d5 16. Rxg7 $16 {Komodo13}) 15. Kf2 $18 (15. Nd2
$18) 15... Rg8 16. Rh1 (16. Nd2 $18) (16. f4 $18) 16... g5 17. hxg6 Nxg6 18.
Rxh7 $16 Ne5 19. Be2 d5 20. exd5 cxd5 21. Nd2 Rb8 22. b3 (22. b4) 22... Rb6 23.
Rg1 (23. Rh5 Re6 24. Rah1 $18 {Komodo13}) 23... Kf8 (23... Rxg1 24. Kxg1 Be6)
24. Rxg8+ Kxg8 25. Rh5 f5 26. c4 $18 (26. f4 Nf7 27. c4 $18 {Komodo13}) 26...
c6 27. Kg3 Rb7 28. Rg5+ Kf7 29. f4 Kf6 (29... dxc4 30. Bxc4+ Nxc4 31. Nxc4 $18
{Bl is left with a bad B & not much play}) 30. Rg8 Nxc4 31. bxc4 Be6 32. Rf8+ (
32. Rh8 Kg7 (32... Rb2 33. Rh6+ Ke7 34. Nf3 dxc4 (34... Rxe2 35. Rxe6+) 35. Nd4
Bd5 36. Bf3 c3 37. Bxd5 cxd5 38. Rc6 $18) 33. Rh2 Rb2 34. cxd5 cxd5 35. Nf3
Rxa2 36. Nd4 $18 {Komodo13}) 32... Ke7 33. Ra8 Rb2 34. Rxa7+ Kf6 35. cxd5 Bxd5
36. Bf3 (36. Bc4 {Komodo13} Rxd2 37. Bxd5 cxd5 38. a4 Rd3 39. Kf2 d4 40. Ra6+
Ke7 41. exd4 Rxd4 42. Kg3 {is the only move here to win, because of the
weakness of f5(Lomonosov tablebases). But it will take Wh 52 moves to mate})
36... Rxd2 37. Bxd5 Rxd5 (37... cxd5 {as sabove, gets rid of more pawns,
though perhaps Bl is hoping to trade the c pawn for the a pawn. As it is Bl
gets a lot of play because of the backwardness of Wh's e pawn}) 38. Ra6 Rc5 39.
Kf2 Rc2+ 40. Ke1 (40. Kf3 Ke7 41. a3 Kd6 42. a4 Ra2 43. Ra7 c5 44. Ra6+ Ke7 45.
Rc6 Rxa4 46. Rxc5 Ke6 $11) 40... Ke6 41. Kd1 Rc5 42. Kd2 Kd5 43. Kd3 Rc1 44.
Ra5+ (44. Ra8) 44... c5 45. Kd2 Rb1 46. Kc2 Re1 47. Ra3 (47. Kd2 $11) 47...
Re2+ (47... Kc4) (47... Ke4 {both look like draws}) 48. Kd3 Rb2 {looks like
the wrong square} (48... Rh2 {keeps the R as far away from a K attack as
possible}) (48... Re1 {stays on the e pawn}) 49. Ra8 $16 c4+ (49... Rf2 50.
Rd8+ Kc6 {Komodo13} (50... Ke6 {looks better as the f pawn holds up 2 pawns.
However Komodo13 finds a way to exploit this} 51. Re8+ Kf6 52. a4 Ra2 53. Ra8
Ke6 54. Kc4 Rc2+ 55. Kb3 Re2 56. Re8+ Kd7 57. Re5 $18) 51. Rf8 Rxa2 52. Rxf5 {
is a win for Wh, Lomonosov tablebases}) 50. Kc3 $18 Re2 51. Ra5+ Ke4 (51... Ke6
52. Re5+ Kf6 53. a4 Ra2 54. a5 Ra4 55. Kd4 Kg6 56. Rb5 Kf6 57. Rb6+ Ke7 58. a6
{and Wh keeps inching forward}) 52. Re5+ Kf3 53. a4 1-0

[Event "North Wales Congress Major"]
[Site "Llandudno"]
[Date "2019.06.23"]
[Round "5.22"]
[White "Williamson, Graham A"]
[Black "Cawston, M John"]
[Result "1-0"]
[WhiteElo "1789"]
[BlackElo "1813"]
[Annotator "kemen"]
[PlyCount "73"]
[EventDate "2019.??.??"]

{[%evp 0,73,28,41,50,34,65,65,34,34,28,11,20,3,25,6,8,8,30,27,45,22,57,53,86,
86,87,58,46,-15,15,-34,-21,-22,5,-42,-49,-92,-92,-73,-83,-77,-31,-32,-1,-6,23,
30,29,9,54,33,51,33,49,52,62,27,188,193,190,209,281,305,586,681,820,884,905,
977,1048,607,1246,1246,29979,1464]} 1. d4 Nf6 2. Bf4 g6 3. Nf3 Bg7 4. e3 O-O 5.
c3 d6 6. Nbd2 (6. h3 {main}) 6... Nh5 7. Bg5 h6 8. Bh4 Qe8 (8... f5) 9. Bc4 (9.
Qb3 a5 10. h3 a4 11. Qa3 f5 12. Bc4+ Kh8 13. O-O-O b5 {Rosenberg-Lilja, DEN ch
Seniors 50+, Odder 2019,0-1}) 9... a6 $146 (9... e5 {looks logical after the Q
move} 10. O-O Nc6 11. h3 Kh8 12. Ne1 f5 13. Be2 Nf6 14. Bg3 g5 {Djukic-Saric,
Bosna op, Sarajevo 2011,0-1}) (9... Nd7 {Cloud Engines}) 10. Qc2 Kh7 11. h3 b5
12. Bd3 Bb7 13. g4 Nf6 14. Bg3 c5 $11 15. Rg1 c4 {pawns cannot go backwards, &
Bl might wish to open the c file should Wh 0-0-0} (15... Nbd7 $15 {Komodo13})
16. Be2 d5 17. Bxb8 (17. h4) 17... Rxb8 18. Ne5 Ne4 19. f4 f6 20. Nef3 Nxd2 (
20... e5 {still looks called for with the Wh K in the middle}) 21. Kxd2 {
dodging off the e file} e5 22. f5 e4 (22... Bc8) 23. fxg6+ (23. Nh4 g5 24. Ng6
Rf7 25. Rh1 $16 {Komodo13; Wh opens up the h file at leisure, with Bl having a
horribly bad QB}) 23... Qxg6 $11 24. Nh4 Qg5 {eyes e3, but the Q becomes a
target here, so that Wh gets an accelerated K side attack} (24... Qf7) 25. Nf5
Qg6 (25... Bc8) 26. Raf1 Rbd8 27. Qd1 Qe8 28. h4 (28. g5 fxg5 29. h4 $18 {
Komodo13}) 28... Rd7 (28... Bc8 {had to be tried- the N is too powerful on f5})
29. g5 $18 fxg5 30. hxg5 hxg5 31. Rxg5 Rf6 32. Rh1+ Kg8 33. Qg1 (33. Nxg7 Rxg7
34. Rxg7+ Kxg7 35. Qg1+ Rg6 36. Qh2 Bc8 37. Bh5 $18 {Komodo13 alternative})
33... Rxf5 34. Rxf5 Qe6 35. Bg4 Qe7 36. Qh2 Bf6 37. Rxf6 {the B on b7 is still
useless} (37. Rg5+ Kf8 (37... Bxg5 38. Qh8+ Kf7 39. Bh5+ Ke6 40. Qe5#) 38. Rf1
Qf7 39. Bxd7 {mating- Komodo13}) 1-0

[Event "North Wales Congress Major"]
[Site "Llandudno"]
[Date "2019.06.23"]
[Round "5.23"]
[White "Taylor, Robert P"]
[Black "Davies, Sam"]
[Result "1/2-1/2"]
[WhiteElo "1673"]
[BlackElo "1693"]
[Annotator "kemen"]
[PlyCount "35"]
[EventDate "2019.??.??"]

{[%evp 0,35,41,24,31,-3,19,0,10,25,40,30,56,20,36,-23,11,14,30,-10,15,3,-4,-36,
-4,-44,-42,-41,0,0,7,-10,-3,-11,11,13,14,15]} 1. d4 Nf6 2. Bg5 c5 3. d5 d6 (
3... Qb6 {main}) 4. Nc3 Nbd7 (4... e6 5. e4 exd5 6. exd5 Be7 7. Nf3 O-O 8. Be2
a6 9. a4 Bg4 {Taylor-Spencer, Rd1,1-0}) 5. e4 g6 6. f4 (6. Nf3 {main}) 6... Qa5
(6... Bg7 {main,5-5 , no draws}) 7. Qd2 (7. Qd3 Bg7 8. Nf3 O-O 9. Nd2 a6 10. a4
b5 11. Nb3 Qb4 12. axb5 Nxe4 {Rowan-Hackman, Bournemouth op 2015,0-1}) 7... Bg7
(7... a6 8. Nf3 b5 9. e5 b4 10. exf6 bxc3 11. bxc3 exf6 12. Bh4 Bh6 13. Bd3 O-O
14. O-O {Meera-Bhakti,IND ch women , 2009,0-1}) 8. Bd3 $146 (8. a3 O-O (8... a6
9. Nf3 O-O 10. Be2 Re8 11. O-O Qb6 12. Kh1 c4 13. Bxc4 Nc5 14. e5 Nfe4 15. Nxe4
Nxe4 16. Qe2 f5 17. c3 {Baldauf-Bergfeld, JBLN West 1994,1-0}) 9. Nf3 Re8 10.
Bd3 a6 11. h3 b5 $15 {Nuristani-Ustinov, Doroschkevich Amateur op, Sochi 2017,
1-0}) (8. Nf3 Qb4 (8... h6 9. Bh4 {2 games each, 1 draw}) 9. Bd3 c4 10. Be2
Qxb2 11. O-O Qb4 12. Rab1 Qc5+ 13. Kh1 b6 {Herrmann-Schenk,Baden ch U15,
Klinge/Seckach 1996,0-1}) 8... a6 9. Nf3 h6 10. Bxf6 (10. Bh4) 10... Bxf6 11.
O-O b5 (11... c4 12. Be2 Qb6+ 13. Kh1 Qxb2 14. e5 Bg7 15. a4 Qb6 16. a5 Qc7 17.
e6 Nc5 $11 {Komodo13}) 12. a3 (12. e5 dxe5 13. Rae1 c4 14. fxe5 Bg7 15. Be4 b4
16. Na4 Nc5 (16... Qxa4 17. d6 Ra7 18. e6 $18) 17. Nxc5 Qxc5+ $11 {Komodo13})
12... c4 13. Be2 Qb6+ 14. Kh1 Bg7 15. Rad1 O-O 16. Nd4 Bxd4 17. Qxd4 Qxd4 18.
Rxd4 $11 1/2-1/2

[Event "North Wales Congress Major"]
[Site "Llandudno"]
[Date "2019.06.23"]
[Round "5.24"]
[White "Gamble, Raymond J"]
[Black "Pinch, David"]
[Result "1/2-1/2"]
[WhiteElo "1852"]
[BlackElo "1673"]
[Annotator "kemen"]
[PlyCount "53"]
[EventDate "2019.??.??"]

{[%evp 0,53,19,9,26,17,40,37,39,26,49,16,5,-12,-10,-40,-53,-39,-52,-31,1,-79,
11,14,24,22,28,18,4,-17,-12,-19,-8,-26,-32,-18,-25,-20,30,18,37,19,71,60,76,72,
70,31,58,28,17,-12,9,29,15,6]} 1. d4 d5 2. Nf3 c6 3. e3 Bf5 (3... Nf6 {main})
4. Bd3 (4. c4) 4... Bg6 (4... Bxd3 {main}) 5. Ne5 Nd7 6. Nxg6 hxg6 7. e4 $146 (
7. Nd2) (7. c4) (7. f4) 7... dxe4 8. Bxe4 Ngf6 $15 (8... e5 $15 {Komodo13}) 9.
Bf3 e6 (9... e5) 10. Bf4 Nh5 (10... Qb6 11. b3 Nd5 $15 {Komodo13}) 11. Bxh5 (
11. Be3 $11) 11... gxh5 (11... Rxh5) 12. Nc3 Nf6 13. Qd3 Bd6 14. Bxd6 Qxd6 15.
O-O-O O-O-O $11 16. Qg3 Qxg3 17. hxg3 Ng4 (17... Rd7) 18. Rd2 Rd7 19. Ne4 g6
20. c3 e5 (20... Nh6) 21. f3 Ne3 22. dxe5 Rxd2 23. Kxd2 (23. Nxd2 Re8 24. f4
$16 {Komodo13}) 23... Nc4+ 24. Kc2 Nxe5 25. f4 (25. g4 $11 {Komodo13}) 25...
Ng4 (25... Nc4 26. Re1 Re8 27. b3 Na3+ 28. Kb2 Kc7 29. Kxa3 f5 30. c4 Rxe4 31.
Rxe4 fxe4 32. Kb4 c5+ 33. Kc3 Kd7 34. Kd2 Ke6 35. g4 hxg4 36. Ke3 Kf5 37. g3
$11 {Komodo13}) 26. Nd6+ Kc7 27. Nxf7 $11 (27. Nxf7 Re8 28. Kd2 Re3 29. Rh3 Re8
30. Rh1 Re3 31. Rh3 {repetition}) 1/2-1/2

[Event "North Wales Congress Major"]
[Site "Llandudno"]
[Date "2019.06.23"]
[Round "5.25"]
[White "Lee, James"]
[Black "Szwajkun, Richard"]
[Result "1/2-1/2"]
[WhiteElo "1885"]
[BlackElo "1574"]
[Annotator "kemen"]
[PlyCount "66"]
[EventDate "2019.??.??"]

{[%evp 0,66,19,31,32,19,15,26,69,63,59,31,35,8,53,32,49,5,3,8,-11,-2,-3,4,8,-1,
7,-4,18,21,7,12,14,-14,7,6,1,-12,-5,-9,25,35,37,37,35,30,40,20,41,25,44,23,4,5,
0,0,0,3,7,5,18,5,5,3,18,15,39,15,56]} 1. d4 d5 2. Nf3 Bf5 3. Bf4 c6 4. e3 Qb6
5. Qc1 Nf6 6. Be2 e6 7. O-O (7. h3) 7... Nh5 (7... Be7 {main}) 8. Bxb8 (8. Be5
{Cloud Engines} Nd7 9. h3 Nhf6 10. Bh2 h6 {San Diego-Doan, ASEAN ch girls U20,
2014,1-0}) 8... Rxb8 9. Ne5 (9. Nh4 Bg6 10. Nd2 Be7 11. Nxg6 hxg6 12. c4 Nf6
13. cxd5 exd5 14. Qc2 Bd6 15. g3 Kd7 16. e4 Qxd4 17. exd5 Nxd5 18. Rad1 {
Moldovean-Augereau,Rochefort op 2017,1-0}) 9... Nf6 10. c4 Be7 11. Nd2 Qc7 12.
c5 (12. g4 Bg6 13. f4) 12... O-O 13. b4 a6 14. a4 Nd7 15. Nxd7 Qxd7 16. Qb2 (
16. Qc3) 16... Rfd8 17. Rfc1 Bf6 18. f4 h6 19. Nf3 Bg4 20. Ne5 Bxe5 21. Bxg4
Bf6 22. Rcb1 $14 (22. Be2 $14) 22... Qe8 23. Qc2 b5 24. axb5 axb5 25. Ra7 (25.
Ra5) 25... Ra8 26. Rba1 Rxa7 27. Rxa7 Ra8 28. Qa2 Rxa7 29. Qxa7 g6 30. Kf2 h5
31. Bf3 Bd8 32. g3 Be7 33. Kg2 f5 $14 {position thoroughly blocked} 1/2-1/2

[Event "North Wales Congress Major"]
[Site "Llandudno"]
[Date "2019.06.23"]
[Round "5.26"]
[White "Bush, Ian"]
[Black "Carlucci, Paul A"]
[Result "0-1"]
[WhiteElo "1578"]
[BlackElo "1769"]
[Annotator "kemen"]
[PlyCount "77"]
[EventDate "2019.??.??"]

{[%evp 0,77,23,43,47,46,53,45,84,63,60,35,58,36,57,64,47,49,87,65,78,33,33,18,
33,26,50,46,66,41,68,52,54,30,29,28,30,23,29,-11,-12,-3,29,20,134,134,134,0,13,
39,113,129,129,66,75,62,79,87,113,110,122,-6,-17,-27,242,93,96,-158,-94,-118,
-102,-100,-58,-76,-100,-135,-135,-499,-92,-399]} 1. e4 d5 2. exd5 Qxd5 3. Nf3
Bg4 4. Be2 Nf6 5. d4 e6 (5... Nc6) 6. c4 (6. O-O) 6... Qd8 7. O-O Be7 8. Nc3 c6
9. Be3 O-O 10. Qc2 Nbd7 11. Rad1 Qa5 (11... Qc7 {main,4 Wh wins, 1 draw, 3 Bl
wins}) 12. h3 Bh5 (12... Bf5 13. Bd3 Bg6 14. Ne2 Rad8 15. Nf4 e5 16. Bd2 Qc7
17. dxe5 Nxe5 18. Nxe5 Qxe5 19. Nxg6 hxg6 20. Rfe1 Qc7 21. Bc3 Rfe8 {
Berasain-Ellerman, Carasco 1922,1/2-1/2}) 13. a3 $16 Rad8 14. Qc1 Rfe8 15. b4 (
15. Bf4) 15... Qc7 16. g4 Bg6 17. Bf4 Bd6 18. Bxd6 Qxd6 19. c5 (19. Qe3) 19...
Qc7 20. Nd2 h6 21. Nc4 e5 (21... Nd5 $11) 22. Nd6 Re7 23. g5 (23. dxe5 Nxe5 24.
f4 Ned7 25. f5 Bh7 26. g5 $18 {Komodo13}) 23... hxg5 24. Qxg5 e4 (24... exd4
25. Rxd4 Nf8 $11) 25. Bc4 (25. h4 Nf8 26. h5 Ne6 27. Qh4 Bh7 28. d5 cxd5 29.
Nxd5 Nxd5 30. Rxd5 $16 {Komodo13}) 25... Nf8 26. Rfe1 Ne6 27. Qe3 (27. Bxe6
Rxe6 28. d5 cxd5 29. Nxd5 Nxd5 30. Rxd5 $16 {Komodo13}) 27... Bh5 28. Rd2 (28.
d5 Bxd1 29. dxe6 Bf3 30. Nxf7 Rxf7 31. exf7+ Kf8 32. Qg5 Qd7 33. Bf1 Qxf7 34.
Re3 $11 {Komodo13}) 28... Bf3 (28... Rxd6 29. cxd6 Qxd6 30. d5 Nf4 31. dxc6
Nxh3+ 32. Kg2 Nf4+ 33. Kg1 (33. Kf1 Qxc6 34. Rd8+ Kh7 35. Qxf4 Qxc4+ 36. Ne2
Qc7 $11) 33... Nh3+ $11 {repetition-Komodo13}) 29. d5 (29. Ncxe4 Bxe4 30. Nxe4
Nxe4 31. Qxe4 Rde8 32. Qe5 Qxe5 33. Rxe5 Nxd4 34. Bxf7+ Kxf7 35. Rxe7+ Rxe7 36.
Rxd4 $16 {Komodo13}) 29... Nf8 (29... cxd5 30. Rxd5 Red7 31. Rf5 Rxd6 32. Nb5
Qc8 33. Nxd6 Rxd6 34. cxd6 Qxc4 35. Rc1 Qa2 36. Rxf6 gxf6 37. Qh6 Nf8 38. d7
Qd5 39. Rc8 Qd1+ 40. Kh2 Qd6+ $11 {Komodo13}) 30. Ndxe4 (30. dxc6 bxc6 31. Qg5
Ne6 32. Qf5 Qb8 33. Re3 a5 34. Ndxe4 Bxe4 35. Rxd8+ Qxd8 36. Nxe4 Qd1+ 37. Kh2
Nxe4 38. Qxe4 axb4 39. axb4 Qd2 40. Qf5 Nd4 41. Qf4 Ne6 42. Qb8+ Kh7 43. Qg3
$16 {Komodo13} Qxb4 44. Qh4+ Kg8 45. Qxe7 $18) 30... Rxe4 31. Nxe4 Nxe4 (31...
Bxe4 32. d6 Qd7 33. Qg3 Qf5 34. f3 Bd5 35. Bd3 Qh5 36. Rg2 Qh6 $17 {Komodo13})
32. Rd4 (32. d6 $18) 32... Qe5 33. d6 (33. Rd3 Qg5+ 34. Qxg5 Nxg5 35. h4 Be4
36. Rxe4 Nxe4 37. dxc6 Rb8 38. cxb7 Rxb7 39. Bd5 Nxc5 40. bxc5 $16 {Komodo13})
33... Qf5 (33... Qh5 34. Kh2 Ng5 35. h4 Nge6 $19 {Komodo13}) 34. Bf1 (34. Kh2
Qe5+ 35. Kg1 Qh5) 34... Ng5 35. Rf4 Qg6 36. Kh2 Bd5 37. Bd3 Qh6 38. Rg1 Nfe6 (
38... Nxh3 39. Qxh3 Qxf4+ $19 {Komodo13}) 39. Rfg4 (39. Rf5 $11 {Komodo13}) (
39. Rfg4 Nf3+ 40. Kg3 (40. Kg2 Ne1+ 41. Kg3 Qxe3+ 42. fxe3 Nxd3 $19) 40... Qxe3
41. fxe3 Nxg1 $19 {Komodo13}) 0-1

[Event "North Wales Congress Major"]
[Site "Llandudno"]
[Date "2019.06.23"]
[Round "5.27"]
[White "Bridgeman, Niamh"]
[Black "Holland, Ray J"]
[Result "1/2-1/2"]
[WhiteElo "1478"]
[BlackElo "1766"]
[Annotator "kemen"]
[PlyCount "29"]
[EventDate "2019.??.??"]

{[%evp 0,29,43,-30,19,-22,13,-32,12,24,10,-30,5,-7,18,15,11,-1,20,40,25,8,38,
10,24,2,-7,-32,-20,-6,1,-33]} 1. f4 g6 2. Nf3 Bg7 3. d3 c5 4. e4 Nc6 5. c3 e6
6. Be2 d6 7. O-O Nf6 (7... Nge7 {main}) 8. Qe1 Qb6 (8... O-O {4 Wh wins, 1
draw & 2 Bl wins}) 9. Nbd2 Qc7 10. h3 h5 (10... O-O) 11. Qf2 b6 12. Re1 (12. e5
$16) 12... Bb7 13. Bd1 O-O-O 14. Bc2 Nd7 15. Qg3 $11 {Stockfish10 & Komodo13}
1/2-1/2